| 000 | 03296nam0a2200505 4500 | ||
|---|---|---|---|
| 001 | RU\NLR\BIBL_A\012831691 | ||
| 005 | 20220808101036.0 | ||
| 021 |
_aRU _bКН-П-22-021305 _9КН-П-22-1823 |
||
| 029 | 1 | 0 |
_aRU _b34715.1-2021 _cГОСТ |
| 035 | _a(NLR Aleph) 012831691 | ||
| 035 | _a(RuMoRGB)011027999 | ||
| 090 |
_a12361193 _c12361193 |
||
| 100 | _a20220628d2021 k y0rusy50 ca | ||
| 101 | 0 | _arus | |
| 102 | _aRU | ||
| 105 | _aa l 000|y | ||
| 181 | 1 |
_ai _b e |
|
| 182 | 1 | _an | |
| 200 | 1 |
_aПроектирование, строительство и ликвидация сетей газораспределения природного газа _hЧасть 1 _iПолиэтиленовые газопроводы _dDesign, construction and liquidation of natural gas distribution networks. Part 1. Polyethylene gas pipelines _zeng _eГОСТ 34715.1-2021 _fРазработан:«Головной научно-исследовательский и проектный институт по распределению и использованию газа» (АО «Гипрониигаз»), Общество с ограниченной ответственностью «Газпром межрегионгаз» (ООО «Газпром межрегионгаз») _eвведен впервые |
|
| 203 |
_aТекст _bвизуальный _cнепосредственный |
||
| 205 | _aИзд. офиц. | ||
| 210 |
_aМосква _cРоссийский институт стандартизации _d2021 |
||
| 215 |
_aIV, 15, [1] c _cил., табл _d29 |
||
| 225 | 1 |
_aМежгосударственный стандарт _fМежгосударственный совет по стандартизации, метрологии и сертификации |
|
| 239 | _aВвед. 01.12.2021 | ||
| 320 | _aБиблиогр.: с. 16 ( 7 назв.) | ||
| 510 | 1 |
_aGas distribution systems _zeng |
|
| 510 | 1 |
_aDesign, construction and liquidation of natural gas distribution networks _zeng |
|
| 510 | 1 |
_aPart 1. Polyethylene gas pipelines _zeng |
|
| 517 | 1 | _aГОСТ 34715.1-2021 | |
| 606 | 1 |
_aГазовые сети _jСтандарты _xТрубопроводы полиэтиленовые _92613687 _3RU\NLR\AUTH\661550245 |
|
| 610 | 0 | _aсистема газораспределительная | |
| 610 | 0 | _aпроектирование | |
| 610 | 0 | _aстроительство | |
| 675 | _a662.767:006.354 | ||
| 686 |
_a23.040 _v2000 _2МКС |
||
| 686 | 1 | _aН763.05я861 | |
| 712 | 0 | 2 |
_4900 _a"Гипрониигаз", головной научно-исследовательский и проектный институт по распределению и использованию газа _cСаратов _9556329 _3RU\NLR\AUTH\880446366 |
| 712 | 0 | 2 |
_4900 _a"Газпром межрегионгаз", общество с ограниченной ответственностью _cСанкт-Петербург _9625782 _3RU\NLR\AUTH\880482632 |
| 712 | 0 | 2 |
_4725 _aМежгосударственный совет по стандартизации, метрологии и сертификации _9321571 _3RU\NLR\AUTH\8823529 |
| 942 | _cBOOK | ||
| 980 | _aNB | ||